ལུང་སྟོན་པ་སུམ་ཅུ་པ་དང་རྟགས་ཀྱི་འཇུག་པའི་རྩ་བ་དང་དཔེར་བརྗོད་བཞུགས་སོ། (Record no. 4476)

MARC details
000 -LEADER
fixed length control field 00743nam a2200193 4500
001 - CONTROL NUMBER
control field 5333
005 - DATE AND TIME OF LATEST TRANSACTION
control field 20190909110136.0
008 - FIXED-LENGTH DATA ELEMENTS--GENERAL INFORMATION
fixed length control field 190909b ||||| |||| 00| 0 eng d
020 00 - INTERNATIONAL STANDARD BOOK NUMBER
International Standard Book Number 9789993687949
090 00 - LOCALLY ASSIGNED LC-TYPE CALL NUMBER (OCLC); LOCAL CALL NUMBER (RLIN)
Classification number (OCLC) (R) ; Classification number, CALL (RLIN) (NR) 495.45 S1929L
245 00 - TITLE STATEMENT
Title ལུང་སྟོན་པ་སུམ་ཅུ་པ་དང་རྟགས་ཀྱི་འཇུག་པའི་རྩ་བ་དང་དཔེར་བརྗོད་བཞུགས་སོ།
Statement of responsibility, etc. Thumi Sampuda.
246 ## - VARYING FORM OF TITLE
Title proper/short title [Tibetan classical grammar].
260 00 - PUBLICATION, DISTRIBUTION, ETC.
Name of publisher, distributor, etc. The Corporate Body of the Buddha Educational Foundation,
Date of publication, distribution, etc. n.d.
300 00 - PHYSICAL DESCRIPTION
Extent 57 p. ; 25 cm.
500 00 - GENERAL NOTE
General note In Dzongkha.
650 00 - SUBJECT ADDED ENTRY--TOPICAL TERM
Topical term or geographic name entry element Tibetan language --Grammar.
942 ## - ADDED ENTRY ELEMENTS (KOHA)
Source of classification or shelving scheme Dewey Decimal Classification
Koha item type Dzongkha
Holdings
Withdrawn status Lost status Source of classification or shelving scheme Damaged status Not for loan Collection code Home library Current library Shelving location Serial Enumeration / chronology Inventory number Total Checkouts Full call number Barcode Date last seen Date last checked out Copy number Price effective from Koha item type Date acquired Total Renewals
    Dewey Decimal Classification     Dzongkha RTC Library RTC Library Dzongkha 8642 1 495.45 SAM 30008948 09/09/2019 23/08/2019 1 27/11/2018 Dzongkha    
    Dewey Decimal Classification     Dzongkha RTC Library RTC Library Dzongkha 8649 1 495.45 SAM 30008735 09/09/2019 23/08/2019 2 27/11/2018 Dzongkha    
  Missing       Dzongkha RTC Library RTC Library Dzongkha 8650   495.45 S1929L DZONGKHA 30009718 27/11/2018   3 27/11/2018 Dzongkha 31/01/2024  
    Dewey Decimal Classification     Dzongkha RTC Library RTC Library Dzongkha 8648 2 495.45 SAM 30009697 21/11/2019 13/11/2019 4 27/11/2018 Dzongkha   1
    Dewey Decimal Classification     Dzongkha RTC Library RTC Library Dzongkha 8647 1 495.45 SAM 30008724 09/09/2019 23/08/2019 5 27/11/2018 Dzongkha    
  Missing Dewey Decimal Classification     Dzongkha RTC Library RTC Library Dzongkha 8646   495.45 SAM 30008925 27/11/2018   6 27/11/2018 Dzongkha 21/07/2021  
    Dewey Decimal Classification     Dzongkha RTC Library RTC Library Dzongkha 8645 2 495.45 SAM 30009700 06/09/2019 23/08/2019 7 27/11/2018 Dzongkha    
    Dewey Decimal Classification     Dzongkha RTC Library RTC Library Dzongkha 8644 1 495.45 SAM 30009706 10/09/2019 23/08/2019 8 27/11/2018 Dzongkha    
    Dewey Decimal Classification     Dzongkha RTC Library RTC Library Dzongkha 8643 1 495.45 SAM 30008978 09/09/2019 23/08/2019 9 27/11/2018 Dzongkha   1
Royal Thimphu College || All Right Reserved